[Event "It (open)"]
[Site "masterchessopen.com Leiden (Netherlands)"]
[Date "1994.02.12"]
[Round "3"]
[White "Van Haastert Edwin (NED)"]
[Black "Chuchelov Vladimir (BEL)"]
[Result "0-1"]
[WhiteElo "2430"]
[BlackElo "2495"]

1.e4 c5 2.Nf3 e6 3.d4 cxd4 4.Nxd4 a6 5.Bd3 Nf6 6.O-O Qc7 7.Qe2 d6 8.c4 g6
9.Rd1 Bg7 10.Nb3 O-O 11.Bf4 Nbd7 12.Nc3 Ne5 13.Rac1 Nfd7 14.Nd2 b6 15.Bb1 Bb7
16.Be3 f5 17.exf5 gxf5 18.Bd4 Rae8 19.f4 Ng4 20.Bxg7 Qc5+ {#R} 0-1

[Event "It (open)"]
[Site "masterchessopen.com Bad Ragaz (Switzerland)"]
[Round "7"]
[White "Kull Martin (SUI)"]
[Black "Scheidegger Claude (SUI)"]
[Result "1-0"]
[WhiteElo "2073"]
[BlackElo "1813"]

1.e4 c5 2.Nf3 e6 3.d4 cxd4 4.Nxd4 a6 5.Bd3 Nc6 6.Be3 Nf6 7.O-O Qc7 8.Nxc6 dxc6
9.f4 c5 10.c4 Be7 11.Nc3 g6 12.Qf3 Bd7 13.Rae1 Rd8 14.Bb1 Bc6 15.Bc1 O-O
16.Qh3 Nh5 17.g4 Ng7 18.f5 Bf6 19.Be3 gxf5 20.gxf5 Bd4 21.f6 Qe5 22.Qg4 {#r}
1-0

[Event "It (cat.2)"]
[Site "masterchessopen.com Budapest (Hungary)"]
[Round "9"]
[White "Borsavolgyi Tamas (HUN)"]
[Black "Svobodova Michaela (CZE)"]
[Result "1-0"]
[WhiteElo "2320"]
[BlackElo "2100"]

1.e4 c5 2.Nf3 e6 3.d4 cxd4 4.Nxd4 a6 5.Bd3 g6 6.Be3 Bg7 7.Nd2 Ne7 8.N4b3 d5
9.exd5 Nxd5 10.Bc5 Bxb2 11.Nc4 Bc3+ 12.Kf1 Qf6 13.Nd6+ Kd8 14.Ne4 Qf4 15.g3
Qh6 16.Nxc3 Nxc3 17.Qf3 Nd5 18.c4 Ne7 19.Qf6 Re8 20.Qd4+ Bd7 21.Bb6+ Kc8
22.Qd6 {#r} 1-0

[Event "It (open)"]
[Site "masterchessopen.com Cannes (France)"]
[Round "0"]
[White "Berthelot Yannick (FRA)"]
[Black "Salaun Yann (FRA)"]
[Result "1-0"]
[WhiteElo "2285"]
[BlackElo "2360"]

1.e4 c5 2.Nf3 e6 3.d4 cxd4 4.Nxd4 a6 5.Bd3 Nf6 6.O-O Qc7 7.Qe2 d6 8.c4 Nc6
9.Nxc6 bxc6 10.Nc3 Be7 11.b3 Nd7 12.Bb2 Bf6 13.Na4 c5 14.Bxf6 Nxf6 15.f4 Bb7
16.e5 Nd7 17.exd6 Qxd6 18.Rad1 Qe7 19.Be4 Ra7 20.Bxb7 Rxb7 21.Qe4 Nb8 22.Qe5
O-O {#r} 1-0

[Event "Ch Finland (juniors)"]
[Site "masterchessopen.com Finland"]
[Round "0"]
[White "Agopov Mikael (FIN)"]
[Black "Kauko Jussi (FIN)"]
[Result "0-1"]
[WhiteElo "2235"]
[BlackElo "2279"]

1.e4 c5 2.Nf3 e6 3.d4 cxd4 4.Nxd4 a6 5.Bd3 Bc5 6.Nb3 Ba7 7.Qe2 Nc6 8.Be3 Bxe3
9.Qxe3 Nge7 10.c4 O-O 11.O-O d5 12.e5 dxc4 13.Bxc4 Qc7 14.f4 Nxe5 15.Bxa6 Ng4
16.Rc1 Rxa6 17.Rxc7 Nxe3 18.Rxe7 Nd5 19.Nc5 Rc6 {#R} 0-1

[Event "Cup Tenkes (open)"]
[Site "masterchessopen.com Harkany (Hungary)"]
[Round "0"]
[White "Feher Gyula (HUN)"]
[Black "Kakuk Sandor (HUN)"]
[Result "1-0"]
[WhiteElo "2415"]
[BlackElo "2227"]

1.e4 c5 2.Nf3 e6 3.d4 cxd4 4.Nxd4 a6 5.Bd3 Bc5 6.Nb3 Ba7 7.O-O Nc6 8.Qg4 Nf6
9.Qxg7 Rg8 10.Qh6 Ne5 11.Nc3 Rg6 12.Qh3 Neg4 13.e5 Nxf2 14.Rxf2 Bxf2+ 15.Kxf2
Ng4+ 16.Kf1 Rg7 17.Qg3 f5 18.h3 b5 19.Be2 {#r} 1-0

[Event "Ch Netherlands (juniors) (under 16)"]
[Site "masterchessopen.com Hengelo (Netherlands)"]
[Round "8"]
[White "Agter Frank (NED)"]
[Black "Witke Thomas (GER)"]
[Result "1-0"]
[WhiteElo "2092"]
[BlackElo "2276"]

1.e4 c5 2.Nf3 e6 3.d4 cxd4 4.Nxd4 a6 5.Bd3 b5 6.Be3 Bb7 7.O-O Nf6 8.Nd2 d5
9.e5 Nfd7 10.f4 Nc6 11.c3 Rc8 12.Qg4 g6 13.N2f3 h5 14.Qg3 Ne7 15.Nxe6 fxe6
16.Bxg6+ Nxg6 17.Qxg6+ Ke7 18.f5 Qe8 19.Bg5+ Nf6 20.Bxf6+ {#r} 1-0

[Event "It (open)"]
[Site "masterchessopen.com Hungary"]
[Round "0"]
[White "Torres Flores Rafael (MEX)"]
[Black "Sipos Soma (HUN)"]
[Result "0-1"]
[WhiteElo "2145"]
[BlackElo "2084"]

1.e4 c5 2.Nf3 e6 3.d4 cxd4 4.Nxd4 a6 5.Bd3 Qc7 6.O-O d6 7.c4 b6 8.Nc3 Nf6
9.Be3 Bb7 10.f4 Nbd7 11.Qe2 Nc5 12.Bf2 Be7 13.Bg3 Rc8 14.b3 Nxd3 15.Qxd3 b5
16.e5 dxe5 17.fxe5 Nd7 18.Qe3 bxc4 19.Rac1 Bc5 20.Na4 Qc6 21.Qf2 Bxd4 {#R} 0-1

[Event "Ch Spain"]
[Site "masterchessopen.com Matalascanas (Spain)"]
[Round "4"]
[White "Bernabe Duran Francisco (ESP)"]
[Black "Paramos Dominguez Roberto (ESP)"]
[Result "0-1"]
[WhiteElo "2255"]
[BlackElo "2375"]

1.e4 c5 2.Nf3 e6 3.d4 cxd4 4.Nxd4 a6 5.Bd3 Nf6 6.O-O d6 7.f4 Be7 8.Qe2 O-O
9.b3 e5 10.Nf5 Bxf5 11.exf5 Nc6 12.fxe5 dxe5 13.Bb2 e4 14.Bxe4 Re8 15.Nd2 Nd4
16.Qd3 Bc5 17.Kh1 Ng4 18.f6 Nxf6 19.Rxf6 Qxf6 20.Bxh7+ Kh8 21.Ne4 Qh4 22.Nxc5
Re1+ {#R} 0-1

[Event "It (open) \"]
[Site "masterchessopen.com Mlada Boleslav (Czech Republic)"]
[Round "1"]
[White "Voitsekhovsky Stanislav (RUS)"]
[Black "Suran Jan (CZE)"]
[Result "1-0"]
[WhiteElo "2500"]
[BlackElo "2215"]

1.e4 c5 2.Nf3 e6 3.d4 cxd4 4.Nxd4 a6 5.Bd3 Nf6 6.O-O d6 7.c4 b6 8.Nc3 Bb7 9.f4
Nc6 10.Be3 Be7 11.Qf3 Qc7 12.Rac1 O-O 13.Qh3 Nxd4 14.Bxd4 g6 15.f5 exf5
16.exf5 Bc8 17.Qh6 Bd8 18.Nd5 {#r} 1-0

[Event "Ch Provincial"]
[Site "masterchessopen.com Valencia (Spain)"]
[Round "6"]
[White "Lopez Rodriguez Jose Luis (ESP)"]
[Black "Bixquert Jimenez Francisco (ESP)"]
[Result "1-0"]
[WhiteElo "2212"]
[BlackElo "1935"]

1.e4 c5 2.Nf3 e6 3.d4 cxd4 4.Nxd4 a6 5.Bd3 Qc7 6.O-O Nf6 7.c4 Be7 8.Nc3 d6
9.Be3 O-O 10.Rc1 b6 11.g4 Bb7 12.g5 Ne8 13.f4 Nd7 14.Qh5 g6 15.Qh6 Nc5 16.Bb1
e5 17.Rf3 Ng7 18.Rh3 Nh5 19.Nf5 Rfe8 20.Rxh5 {#r} 1-0

[Event "Ch Aragon (team)"]
[Site "masterchessopen.com Aragon (Spain)"]
[Round "0"]
[White "Hernandez Gilberto (MEX)"]
[Black "Sospedra Sebastian Juan (ESP)"]
[Result "1-0"]
[WhiteElo "2560"]
[BlackElo "2284"]

1.e4 c5 2.Nf3 e6 3.d4 cxd4 4.Nxd4 a6 5.Bd3 Nf6 6.O-O d6 7.c4 Bd7 8.Nc3 Nc6
9.Be3 Ne5 10.Be2 Rc8 11.f4 Ng6 12.Qb3 Qc7 13.f5 Ne5 14.fxe6 fxe6 15.c5 Kf7
16.Bh5+ Ke7 17.cxd6+ Qxd6 18.Rad1 Qc7 19.Qb4+ Qc5 20.Nc6+ Nxc6 21.Qxc5+ {#r}
1-0

[Event "Ch World (juniors) (under 18) (g)"]
[Site "masterchessopen.com Cala Galdana (Spain)"]
[Round "5"]
[White "Hunt Harriet (ENG)"]
[Black "Ratcu Tatiana (BRA)"]
[Result "1-0"]
[WhiteElo "2315"]
[BlackElo "2190"]

1.e4 c5 2.Nf3 e6 3.d4 cxd4 4.Nxd4 a6 5.Bd3 Nf6 6.O-O Qc7 7.Qe2 d6 8.c4 g6
9.Nc3 Bg7 10.Be3 O-O 11.Rac1 Nc6 12.Nxc6 Qxc6 13.Rfd1 b6 14.f3 Bb7 15.Qf2 Nd7
16.b3 Rfd8 17.Nd5 exd5 18.cxd5 Qxc1 19.Rxc1 Rac8 20.Rxc8 Rxc8 21.Bf1 b5 22.Bd4
{#r} 1-0

[Event "Ch Catalunia"]
[Site "masterchessopen.com Catalunia (Spain)"]
[Round "2"]
[White "Fabregas Fontanet Antonio (ESP)"]
[Black "Baches Garcia Guillermo (ESP)"]
[Result "1-0"]
[WhiteElo "2074"]
[BlackElo "2255"]

1.e4 c5 2.Nf3 e6 3.d4 cxd4 4.Nxd4 a6 5.Bd3 Nf6 6.O-O d6 7.b3 Be7 8.Bb2 b6 9.f4
Bb7 10.Qe2 O-O 11.Nd2 Nbd7 12.Rf2 Re8 13.e5 Nd5 14.f5 exf5 15.e6 Ne5 16.exf7+
Kxf7 17.Bxf5 Kg8 18.Ne6 Qb8 19.Bxe5 Nf6 20.Bxf6 Bxf6 21.Qh5 {#r} 1-0

[Event "Match \"]
[Site "masterchessopen.com Essen (Germany)"]
[Round "4"]
[White "Borngaesser Rene (GER)"]
[Black "Lau Ralf (GER)"]
[Result "0-1"]
[WhiteElo "2360"]
[BlackElo "2510"]

1.e4 c5 2.Nf3 e6 3.d4 cxd4 4.Nxd4 a6 5.Bd3 Nf6 6.O-O Qc7 7.Qe2 d6 8.c4 g6 9.f4
Bg7 10.Nf3 O-O 11.Nc3 b6 12.Bd2 Bb7 13.Rac1 Nbd7 14.b4 Rac8 15.Qf2 Qb8 16.Qh4
b5 17.cxb5 axb5 18.Bxb5 Bxe4 19.Bxd7 Qa7+ 20.Kh1 Qxd7 21.b5 Bd3 {#R} 0-1

[Event "Ch Moravia (open)"]
[Site "masterchessopen.com Frydek-Mistek (Czech Republic)"]
[Round "9"]
[White "Jedryczka Krystian (POL)"]
[Black "Mrkos Miroslav (CZE)"]
[Result "1-0"]
[WhiteElo "2200"]
[BlackElo "2074"]

1.e4 c5 2.Nf3 e6 3.d4 cxd4 4.Nxd4 a6 5.Bd3 Nf6 6.O-O Be7 7.Nc3 b5 8.e5 Ng8
9.Qg4 g6 10.Qf3 Ra7 11.Be3 Bb7 12.Be4 Bxe4 13.Nxe4 Rc7 14.Nb3 Nc6 15.Bb6 Nxe5
16.Qd1 d5 17.Qd4 f6 18.Nec5 Nc6 19.Qe3 e5 20.Ne6 d4 21.Qh3 {#r} 1-0

[Event "Ch Yugoslavia (1/2 final) (open)"]
[Site "masterchessopen.com Kladovo (Yugoslavia)"]
[Round "8"]
[White "Muratovic Alija (SRB)"]
[Black "Solak Dragan (SRB)"]
[Result "0-1"]
[WhiteElo "2505"]
[BlackElo "2435"]

1.e4 c5 2.Nf3 e6 3.d4 cxd4 4.Nxd4 a6 5.Bd3 Nc6 6.Nxc6 dxc6 7.O-O e5 8.Kh1 Nf6
9.Nc3 Bc5 10.Bg5 h6 11.Bh4 g5 12.Bg3 Qe7 13.Qe2 h5 14.f3 h4 15.Bf2 Nh5 16.Rfe1
Ng3+ 17.Bxg3 hxg3 18.h3 Bxh3 {#R} 0-1

[Event "It (w)"]
[Site "masterchessopen.com Tapolca (Hungary)"]
[Round "4"]
[White "Semenova Irina (RUS)"]
[Black "Kiss Fernanda (HUN)"]
[Result "1-0"]
[WhiteElo "2230"]
[BlackElo "2190"]

1.e4 c5 2.Nf3 e6 3.d4 cxd4 4.Nxd4 a6 5.Bd3 Bc5 6.Nb3 Ba7 7.c4 d6 8.O-O Nf6
9.Nc3 h6 10.Kh1 e5 11.Be2 Be6 12.f4 Qc7 13.Qd3 Nc6 14.Qg3 O-O-O 15.f5 Bd7
16.Qxg7 Nh7 17.Nd5 Qb8 18.Qxf7 Rdf8 19.Qh5 {#r} 1-0

[Event "It (open)"]
[Site "masterchessopen.com Weilburg (Germany)"]
[Round "9"]
[White "Kengis Edvins (LAT)"]
[Black "Martinovic Slobodan (SRB)"]
[Result "1-0"]
[WhiteElo "2560"]
[BlackElo "2500"]

1.e4 c5 2.Nf3 e6 3.d4 cxd4 4.Nxd4 a6 5.Bd3 Qb6 6.Nb3 Qc7 7.O-O Nf6 8.f4 d6
9.Be3 Be7 10.c4 O-O 11.Nc3 b6 12.Qf3 Nbd7 13.g4 g6 14.g5 Nh5 {#r} 1-0

[Event "Olympiad"]
[Site "masterchessopen.com Yerevan (Armenia)"]
[Round "6"]
[White "Davila Carlos (NCA)"]
[Black "Ramos Domingo (JPN)"]
[Result "1-0"]
[WhiteElo "2290"]
[BlackElo "2330"]

1.e4 c5 2.Nf3 e6 3.d4 cxd4 4.Nxd4 a6 5.Bd3 g6 6.O-O Bg7 7.Nb3 Ne7 8.c4 d6
9.Nc3 O-O 10.Bg5 h6 11.Be3 b5 12.cxb5 d5 13.exd5 Nxd5 14.Nxd5 Qxd5 15.b6 Bb7
16.f3 Nd7 17.Be4 Qxd1 18.Rfxd1 Bxe4 19.fxe4 Ne5 20.b7 Rad8 21.Rxd8 Rxd8 22.Rc1
{#r} 1-0

[Event "It (open)"]
[Site "masterchessopen.com Benasque (Spain)"]
[Round "4"]
[White "Hernandez Gonzalo (COL)"]
[Black "Perdomo Carlos Andres (COL)"]
[Result "1-0"]
[WhiteElo "2136"]
[BlackElo "2435"]

1.e4 c5 2.Nf3 e6 3.d4 cxd4 4.Nxd4 a6 5.Bd3 Nc6 6.Nxc6 bxc6 7.O-O d5 8.Nd2 Nf6
9.Re1 Bc5 10.e5 Nd7 11.Qg4 g6 12.c4 Qb6 13.Re2 a5 14.Nf3 Ba6 15.h4 Qb4 16.Bh6
dxc4 17.Be4 c3 18.bxc3 Qc4 19.Rd2 Be7 20.Rd4 f5 21.exf6 Nxf6 22.Bxg6+ {#r} 1-0

[Event "It (b)"]
[Site "masterchessopen.com Budapest (Hungary)"]
[Round "6"]
[White "Farago Sandor (HUN)"]
[Black "Szeberenyi Adam (HUN)"]
[Result "1-0"]
[WhiteElo "2330"]
[BlackElo "2215"]

1.e4 c5 2.Nf3 e6 3.d4 cxd4 4.Nxd4 a6 5.Bd3 Bc5 6.Nb3 Ba7 7.O-O Nc6 8.c4 d6
9.Nc3 Nf6 10.Bg5 Ne5 11.Be2 Qc7 12.Rc1 Nfd7 13.Kh1 Nc5 14.f4 Nc6 15.f5 Nxb3
16.axb3 O-O 17.f6 g6 18.Qe1 Ne5 19.Qh4 Kh8 20.Qh6 Rg8 21.Rf4 Nd7 22.Qxh7+ {#r}
1-0

[Event "It (open)"]
[Site "masterchessopen.com Dieren (Netherlands)"]
[Round "0"]
[White "Milov Leonid (GER)"]
[Black "Osterwald Elwin (NED)"]
[Result "1-0"]
[WhiteElo "2490"]
[BlackElo "2183"]

1.e4 c5 2.Nf3 e6 3.d4 cxd4 4.Nxd4 a6 5.Bd3 Bc5 6.Be3 Qb6 7.c3 Nc6 8.Nd2 Nxd4
9.Nc4 Qa7 10.cxd4 Bxd4 11.e5 Bxe3 12.fxe3 Nh6 13.Nd6+ Ke7 14.Qf3 Rf8 15.Qg3
Qc5 16.O-O Ng4 17.Qh4+ f6 18.Qxg4 Qxe3+ 19.Kh1 {#r} 1-0

[Event "It (open)"]
[Site "masterchessopen.com Dieren (Netherlands)"]
[Round "0"]
[White "Verwoert Jef (NED)"]
[Black "Belle Erika (NED)"]
[Result "1-0"]
[WhiteElo "2021"]
[BlackElo "2040"]

1.e4 c5 2.Nf3 e6 3.d4 cxd4 4.Nxd4 a6 5.Bd3 Nc6 6.Nb3 Qc7 7.a4 Nf6 8.O-O Be7
9.Nc3 b6 10.f4 d6 11.Be3 Bb7 12.Qe2 O-O 13.g4 Nd7 14.g5 Nc5 15.f5 Ne5 16.f6
Bd8 17.Nxc5 bxc5 18.Qh5 Ng6 19.Rf3 Re8 20.Rh3 Nf8 21.e5 {#r} 1-0

[Event "Ch Romania (open) (w)"]
[Site "masterchessopen.com Eforie Nord (Romania)"]
[Round "0"]
[White "Crisan Cristina (ROM)"]
[Black "Baciu Anca-Otilia (ROM)"]
[Result "1-0"]
[WhiteElo "2057"]
[BlackElo "2130"]

1.e4 c5 2.Nf3 e6 3.d4 cxd4 4.Nxd4 a6 5.Bd3 Nf6 6.O-O Qc7 7.Be3 b5 8.Nc3 Bb7
9.a3 d6 10.f4 g6 11.f5 gxf5 12.Nxf5 Rg8 13.Bxb5+ Nbd7 14.Bxd7+ Qxd7 15.Nxd6+
Bxd6 16.Rxf6 Qc7 17.Qh5 Be5 18.Rxe6+ {#r} 1-0

[Event "Bundesliga (2nd) South 1996/97"]
[Site "masterchessopen.com Germany"]
[Round "0"]
[White "Zuse Klaus-Peter (GER)"]
[Black "Panzalovic Srdjan (GER)"]
[Result "1-0"]
[WhiteElo "2345"]
[BlackElo "2415"]

1.e4 c5 2.Nf3 e6 3.d4 cxd4 4.Nxd4 a6 5.Bd3 Nf6 6.O-O Qc7 7.Kh1 d5 8.Nc3 dxe4
9.Nxe4 Nxe4 10.Bxe4 g6 { ?! } 11.Bd2 Bg7 12.Bb4 f5 13.Bxf5 { ! } 13...gxf5 (
13...exf5 14.Re1+ Kf7 15.Nxf5 { ! } 15...Bxf5 16.Qd5+ Kf6 17.f4 { ! +?? } )
14.Nxf5 { ! } 14...Bf8 ( 14...exf5 15.Re1+ Be5 16.Bd6 { +?? } ) 15.Bxf8 Rxf8 (
15...Kxf8 16.Nd6 Nc6 17.Qf3+ Kg7 18.Qg4+ Kf8 19.Rad1 { ? } ) 16.Qh5+ Rf7
17.Rad1 { ! } 17...Nc6 18.Nd6+ Kf8 19.Rd3 { ! } 19...Nd8 20.Rfd1 { ! }
20...Qe7 21.Qh6+ Kg8 22.Nxf7 { } {#r} 1-0

[Event "Ch Germany"]
[Site "masterchessopen.com Gladenbach (Germany)"]
[Round "1"]
[White "Heinemann Thies (GER)"]
[Black "Walter Guenter (GER)"]
[Result "1-0"]
[WhiteElo "2450"]
[BlackElo "1983"]

1.e4 c5 2.Nf3 e6 3.d4 cxd4 4.Nxd4 a6 5.Bd3 Nc6 6.Nxc6 dxc6 7.Nd2 e5 8.Qh5 Bd6
9.Nc4 Bc7 10.O-O b5 11.Ne3 Nf6 12.Qg5 O-O 13.Nf5 Bxf5 14.Qxf5 Qd7 15.Qf3 Qe6
16.Rd1 Bb6 17.Be3 Nd7 18.Be2 Nc5 19.b3 Rab8 20.a4 Qg6 21.a5 {#r} 1-0

[Event "It (open) \"]
[Site "masterchessopen.com Jyvaskyla (Finland)"]
[Round "9"]
[White "Lahtinen Markku (FIN)"]
[Black "Kauko Jussi (FIN)"]
[Result "0-1"]
[WhiteElo "2277"]
[BlackElo "2279"]

1.e4 c5 2.Nf3 e6 3.d4 cxd4 4.Nxd4 a6 5.Bd3 Bc5 6.Nb3 Ba7 7.O-O Nc6 8.Qe2 Qc7
9.Nc3 Nf6 10.Bg5 d6 11.Kh1 Bd7 12.Rae1 O-O-O 13.f4 Rdg8 14.Bh4 h5 15.h3 Nh7
16.e5 dxe5 17.fxe5 g5 18.Bf2 Bxf2 19.Rxf2 g4 20.h4 g3 21.Rf4 f5 {#R} 0-1

[Event "It (open)"]
[Site "masterchessopen.com Kastel Stari (Croatia)"]
[Round "5"]
[White "Ljubicic Filip (CRO)"]
[Black "Hulak Krunoslav (CRO)"]
[Result "1-0"]
[WhiteElo "2395"]
[BlackElo "2500"]

1.e4 c5 2.Nf3 e6 3.d4 cxd4 4.Nxd4 a6 5.Bd3 Bc5 6.Nb3 Ba7 7.Qe2 Nc6 8.Be3 b5
9.a4 Bxe3 10.Qxe3 bxa4 11.Rxa4 Nge7 12.O-O O-O 13.Nc3 d6 14.Rfa1 a5 15.Nd2 Rb8
16.b3 Rb4 17.Rxb4 axb4 18.Nb5 Bb7 19.Nc4 Nc8 20.Qf4 e5 21.Qd2 f5 22.Ncxd6 {#r}
1-0

[Event "Ch Russia (juniors) (under 18)"]
[Site "masterchessopen.com Kolontaevo (Russia)"]
[Round "8"]
[White "Bigaliev Renat (RUS)"]
[Black "Rychagov Andrey (RUS)"]
[Result "0-1"]
[WhiteElo "2435"]
[BlackElo "2495"]

1.e4 c5 2.Nf3 e6 3.d4 cxd4 4.Nxd4 a6 5.Bd3 Qc7 6.O-O Nc6 7.Nxc6 dxc6 8.Nd2 Nf6
9.f4 e5 10.Nc4 Ng4 11.Kh1 Bc5 12.Qf3 Be6 13.Bd2 h5 14.fxe5 Bxc4 15.Bxc4 Nxe5
16.Qg3 Bd6 17.Qxg7 O-O-O 18.Bxf7 Kb8 19.Rad1 Rhf8 20.Ba5 Qxa5 21.Rxd6 Rxf7
{#R} 0-1

[Event "It (open)"]
[Site "masterchessopen.com Montecatini Terme (Italy)"]
[Round "5"]
[White "Horvath Csaba (HUN)"]
[Black "Jurkovic Ante (CRO)"]
[Result "1-0"]
[WhiteElo "2530"]
[BlackElo "2335"]

1.d4 e6 2.Nf3 c5 3.e4 cxd4 4.Nxd4 a6 5.Bd3 Nc6 6.Nxc6 dxc6 7.Nd2 Qc7 8.O-O Nf6
9.f4 e5 10.Kh1 Bc5 11.Qe1 Ng4 12.h3 h5 13.Nb3 Ba7 14.f5 Qb6 15.Bg5 Nf2+ 16.Kh2
h4 17.Bc4 a5 18.a4 Bd7 19.Qe2 g6 20.Rae1 gxf5 21.exf5 e4 22.Rxf2 {#r} 1-0

[Event "It (open) \"]
[Site "masterchessopen.com Pesc (Hungary)"]
[Round "0"]
[White "Meszaros Gyorgy (HUN)"]
[Black "Szekely Csaba (HUN)"]
[Result "1-0"]
[WhiteElo "2200"]
[BlackElo "2122"]

1.e4 c5 2.Nf3 e6 3.d4 cxd4 4.Nxd4 a6 5.Bd3 Nc6 6.Nxc6 dxc6 7.O-O e5 8.f4 Bc5+
9.Kh1 exf4 10.Bxf4 Be6 11.Nd2 Ne7 12.Qh5 Bb4 13.Nf3 Ng6 14.Be3 Qd7 15.h3 Be7
16.Rae1 Qc7 17.e5 Rd8 18.Nd4 Bd5 19.c4 Nxe5 20.Bf4 g6 21.Qxe5 {#r} 1-0

[Event "Ch Slovenia (team) (1/2 final)"]
[Site "masterchessopen.com Skofja Loka (Slovenia)"]
[Round "4"]
[White "Mencinger Vojko (SLO)"]
[Black "Jurkovic Hrvoje (CRO)"]
[Result "1-0"]
[WhiteElo "2360"]
[BlackElo "2380"]

1.e4 c5 2.Nf3 e6 3.d4 cxd4 4.Nxd4 a6 5.Bd3 Nc6 6.Nxc6 dxc6 7.O-O e5 8.Nd2 Bd6
9.Nc4 Bc7 10.a4 Ne7 11.a5 Be6 12.Bd2 O-O 13.Qe2 Ng6 14.g3 Bh3 15.Rfd1 Qf6
16.Qh5 Be6 17.Bg5 {#r} 1-0

[Event "It (open)"]
[Site "masterchessopen.com Spree (Germany)"]
[Round "9"]
[White "Jahn Thomas (GER)"]
[Black "Jahnz Fabian (GER)"]
[Result "1-0"]
[WhiteElo "2195"]
[BlackElo "2226"]

1.e4 c5 2.Nf3 e6 3.d4 cxd4 4.Nxd4 a6 5.Bd3 Nc6 6.Be3 Nge7 7.Nb3 b5 8.a4 bxa4
9.Rxa4 Bb7 10.Nc5 Qc8 11.Nd2 d5 12.O-O e5 13.f4 d4 14.Nc4 Ng8 15.Nxb7 Qxb7
16.Bd2 f6 17.fxe5 fxe5 18.Qh5+ g6 19.Qh3 Qc7 20.Qe6+ Be7 21.Nxe5 Nd8 22.Bb5+
{#r} 1-0

[Event "Ch Europe (juniors) (under 12)"]
[Site "masterchessopen.com Tallinn (Estonia)"]
[Round "8"]
[White "Livshits Gaby (ISR)"]
[Black "Nikolov Momchil (BUL)"]
[Result "1-0"]
[WhiteElo "2085"]
[BlackElo "2578"]

1.e4 c5 2.Nf3 e6 3.d4 cxd4 4.Nxd4 a6 5.Bd3 Qc7 6.Be3 Nf6 7.O-O Be7 8.Nc3 O-O
9.f4 d6 10.Qf3 Nc6 11.Rab1 Nxd4 12.Bxd4 e5 13.Be3 exf4 14.Qxf4 Be6 15.Nd5 Bxd5
16.exd5 Nd7 17.Qe4 g6 {#r} 1-0

[Event "Ch Europe (juniors) (under 14)"]
[Site "masterchessopen.com Tallinn (Estonia)"]
[Round "1"]
[White "Valev Martin (BUL)"]
[Black "Davies Christopher (WLS)"]
[Result "1-0"]
[WhiteElo "2206"]
[BlackElo "2072"]

1.e4 c5 2.Nf3 e6 3.d4 cxd4 4.Nxd4 a6 5.Bd3 Nf6 6.O-O d6 7.c4 Be7 8.Nc3 Nc6
9.Nxc6 bxc6 10.Bc2 O-O 11.Qd3 e5 12.b3 Re8 13.h3 Bb7 14.Bb2 Bf8 15.Rad1 Qd7
16.Na4 Rad8 17.Bc3 Rb8 {#r} 1-0

[Event "It (open)"]
[Site "masterchessopen.com Corsico (Italy)"]
[Date "1997.10.12"]
[Round "6"]
[White "Bozzali Ermanno (ITA)"]
[Black "Marcoli Paolo (ITA)"]
[Result "1-0"]
[WhiteElo "2133"]
[BlackElo "2209"]

1.e4 c5 2.Nf3 e6 3.d4 cxd4 4.Nxd4 a6 5.Bd3 Nf6 6.O-O d6 7.c4 Qc7 8.Nc3 Be7
9.Qe2 O-O 10.f4 Nbd7 11.Kh1 b6 12.b3 Re8 13.Bb2 Bf8 14.Nf3 g6 15.e5 Nh5 16.Ng5
dxe5 17.fxe5 Nxe5 18.Nb5 axb5 19.Bxe5 Qd8 20.Qxh5 h6 21.Bxg6 Qxg5 22.Bxf7+
{#r} 1-0

[Event "It (open)"]
[Site "masterchessopen.com Bad Wiessee (Germany)"]
[Round "5"]
[White "Luther Thomas (GER)"]
[Black "Krallmann Matthias (GER)"]
[Result "1-0"]
[WhiteElo "2560"]
[BlackElo "2285"]

1.e4 c5 2.Nf3 e6 3.d4 cxd4 4.Nxd4 a6 5.Bd3 Qb6 6.Be3 Bc5 7.c3 Nc6 8.Nd2 Nxd4
9.Nc4 Qa7 10.cxd4 Bxd4 11.e5 Bxe3 12.fxe3 d5 13.Nd6+ Ke7 14.O-O Qxe3+ 15.Kh1
Nh6 16.Qc2 Bd7 17.Rae1 Qd4 18.Qd2 Qh4 19.Rf4 Qh5 20.Qb4 Kd8 21.Rh4 {#r} 1-0

[Event "It (open)"]
[Site "masterchessopen.com Copenhagen (Denmark)"]
[Round "1"]
[White "Carlsson Daniel (SWE)"]
[Black "Mortensen Erling (DEN)"]
[Result "1-0"]
[WhiteElo "2290"]
[BlackElo "2465"]

1.e4 c5 2.Nf3 e6 3.d4 cxd4 4.Nxd4 a6 5.Bd3 Nf6 6.Nd2 d5 { ? } ( 6...Qc7 ) 7.e5
Nfd7 8.Nxe6 { ! } 8...fxe6 9.Qh5+ g6 10.Bxg6+ hxg6 11.Qxg6+ { ! } 11...Ke7
12.Nc4 { ! } 12...Bh6 13.Bg5+ { ! } 13...Kf8 ( 13...Bxg5 14.Qg7+ Ke8 15.Nd6# )
14.Bxd8 dxc4 15.Bc7 Bg7 16.Qxe6 { } 1-0

[Event "It (open)"]
[Site "masterchessopen.com Dos Hermanas (Spain)"]
[Round "6"]
[White "Hamdouchi Hichem (FRA)"]
[Black "Spraggett Kevin (CAN)"]
[Result "1-0"]
[WhiteElo "2555"]
[BlackElo "2560"]

1.e4 c5 2.Nf3 e6 3.d4 cxd4 4.Nxd4 a6 5.Bd3 Nf6 6.O-O Qc7 7.Qe2 d6 8.c4 Be7
9.Nc3 O-O 10.f4 Nbd7 11.Kh1 g6 12.Nf3 b6 13.e5 Nh5 14.Ng5 Ng7 15.exd6 Bxd6
16.Nce4 Be7 17.b3 h6 18.Nf3 Bb7 19.Bb2 Nh5 20.Ne5 Nxf4 21.Nxd7 {#r} 1-0

[Event "It"]
[Site "masterchessopen.com Guanabara (Brazil)"]
[Round "0"]
[White "Gouveia Carlos (BRA)"]
[Black "Rios Filho Hilton Carlos (BRA)"]
[Result "1-0"]
[WhiteElo "2369"]
[BlackElo "2285"]

1.e4 c5 2.Nf3 e6 3.d4 cxd4 4.Nxd4 a6 5.Bd3 Qc7 6.O-O b5 7.a4 b4 8.Be3 Nf6
9.Nd2 d5 10.Bg5 Bb7 11.exd5 Nxd5 12.Nc4 Nd7 13.Nxe6 {#r} 1-0

[Event "Memorial J.Capablanca (c)"]
[Site "masterchessopen.com Habana (Cuba)"]
[Round "2"]
[White "Sieiro-Gonzalez Luis (CUB)"]
[Black "Lipnowski Irwin (CAN)"]
[Result "1-0"]
[WhiteElo "2435"]
[BlackElo "2320"]

1.e4 c5 2.Nf3 e6 3.d4 cxd4 4.Nxd4 a6 5.Bd3 Qc7 6.O-O Nf6 7.Qe2 Nc6 8.Nxc6 dxc6
9.e5 Nd7 10.Bf4 Nc5 11.Nc3 Nxd3 12.Qxd3 f5 13.Qg3 b5 14.Rad1 h6 15.Qg6+ Qf7
16.Rd8+ {#r} 1-0